000 01614nam a22003734a 4500
001 ebr10068610
003 CaPaEBR
006 m u
007 cr cn|||||||||
008 031020s2004 caub sb 001 0 eng
010 _z 2003022825
020 _z0520240324 (cloth : alk. paper)
020 _z0520244400 (pbk. : alk. paper)
040 _aCaPaEBR
_cCaPaEBR
035 _a(OCoLC)56733653
050 1 4 _aGN751
_b.R26 2004eb
082 0 4 _a001.94
_222
100 1 _aRamaswamy, Sumathi.
245 1 4 _aThe lost land of Lemuria
_h[electronic resource] :
_bfabulous geographies, catastrophic histories /
_cSumathi Ramaswamy.
260 _aBerkeley :
_bUniversity of California Press,
_cc2004.
300 _axvii, 334 p. :
_bmaps.
504 _aIncludes bibliographic references (p. 297-324) and index.
505 0 _aPlacing loss -- Science in the service of loss -- Occult losses -- Living loss at land's end -- Flooding history : geographies of loss -- Mapping loss -- Laboring against loss.
533 _aElectronic reproduction.
_bPalo Alto, Calif. :
_cebrary,
_d2013.
_nAvailable via World Wide Web.
_nAccess may be limited to ebrary affiliated libraries.
650 0 _aLost continents.
650 0 _aTamil (Indic people)
650 0 _aTamil (Indic people)
_zIndia
_xHistory.
650 0 _aCivilization, Ancient.
650 0 _aLemuria.
651 0 _aTamil Nadu (India)
_xCivilization.
655 7 _aElectronic books.
_2local
710 2 _aebrary, Inc.
856 4 0 _uhttp://site.ebrary.com/lib/rucke/Doc?id=10068610
_zAn electronic book accessible through the World Wide Web; click to view
999 _c29180
_d29180